000 00666nam a2200241Ia 4500
003 OSt
005 20221005045710.0
006 a|||||r|||| 00| 0
007 ta
008 221004b |||||||| |||| 00| 0 ara d
024 _a16319
037 _cTextual
040 _aCRL
_cCRL
_bara
041 _2ara
_aara
082 _aO28,4x, A13
100 _aMehmood Sheikh Ahmad Au.
_9593925
245 0 _aAl-adab-al-ujab feeha yufel-ul-kitab
260 _aKolkata
_bHindoostanee press India
_c1813
300 _a401p.
_ccm.
650 _aARABIC LETTERS
942 _hO28,4x, A13
_cTEXL
_2cc
999 _c955569
_d955569